000 00694cam a22002291 4500
001 af 47005534
003 DLC
005 20260227110832.0
008 920107s1944 be 000 1 dut c
010 _aaf 47005534
035 _a(OCoLC)25059894
040 _aBrown Univ. Library
_cRPB
_dDLC
041 1 _adut
_heng
042 _apremarc
050 0 0 _aPS3513.R6545
_bC32
100 1 _aGrey, Zane,
_d1872-1939.
240 1 0 _aCall of the canyon.
_lDutch
245 1 0 _aAls de bergen roepen,
_cdoor Zane Grey ...
260 _aAntwerpen,
_bUitgeverij Westernis
_c[1944]
300 _a159, [1] p.
_c18 cm.
490 0 _aDe briljant uitgave; verzameling van uitgezochte lectuur voor iedereen.
_v[22]
999 _c3158
_d3158